| Tag |
First Indicator |
Second Indicator |
Subfields |
| LEADER |
00000cam a2200000 a 4500 |
| 001 |
in00000083890 |
| 005 |
20151008054332.0 |
| 008 |
800910s1979 ja abf bc f00010 engm |
| 010 |
|
|
|a 80492244
|
| 015 |
|
|
|a Ja***
|
| 035 |
|
|
|a (OCoLC)06059026
|
| 035 |
|
|
|9 AAJ0357AM
|
| 040 |
|
|
|a DLC
|c DLC
|d m.c.
|d TXA
|d UtOrBLW
|
| 043 |
|
|
|a t------
|
| 049 |
|
|
|a TXAM
|c [800393]
|
| 050 |
0 |
0 |
|a QB755
|b .Y36
|
| 082 |
0 |
|
|a 523.5/1/09989
|2 19
|
| 100 |
1 |
|
|a Yanai, Keizo.
|
| 245 |
1 |
0 |
|a Catalog of Yamato meteorites :
|b in the collection of National Institute of Polar Research /
|c compiled by Keizo Yanai.
|
| 250 |
|
|
|a 1st ed.
|
| 264 |
|
1 |
|a Tokyo :
|b National Institute of Polar Research,
|c 1979.
|
| 300 |
|
|
|a xx, 188 pages, 10 unnumbered pages of plates :
|b illustrations, maps ;
|c 27 cm.
|
| 336 |
|
|
|a text
|b txt
|2 rdacontent
|
| 337 |
|
|
|a unmediated
|b n
|2 rdamedia
|
| 338 |
|
|
|a volume
|b nc
|2 rdacarrier
|
| 504 |
|
|
|a Bibliography: pages xvii-xx.
|
| 610 |
2 |
0 |
|a Kokuritsu Kyokuchi Kenkyūjo
|x Catalogs.
|
| 650 |
|
0 |
|a Meteorites
|z Antarctica
|x Catalogs.
|
| 710 |
2 |
|
|a Kokuritsu Kyokuchi Kenkyūjo.
|
| 740 |
0 |
|
|a Yamato meteorites.
|
| 999 |
|
|
|a MARS
|
| 999 |
f |
f |
|s 916fb81d-ecf1-3926-b630-88d3c88c45d8
|i e64c1d73-cb4e-3411-bdb2-fa375fc0dac0
|t 0
|
| 952 |
f |
f |
|p ric
|a Texas A&M University
|b Rellis Campus
|c Joint Library Facility
|d Remote Storage
|t 0
|e QB755 .Y36
|h Library of Congress classification
|i unmediated -- volume
|m A14806206724
|
| 998 |
f |
f |
|a QB755 .Y36
|t 0
|l Remote Storage
|